00936 2200229 4500001002100000005001500021035002000036007000300056008004100059020002200100082001000122084001600132245010400148250001200252260004500264300004700309110002300356520028700379600000800666990001600674990001600690INLIS00000000000012420220620122918 a0010-0622000045ta220620 b 0 ind  a978-602-53328-4-5 a507.6 a507.6 TIM s1 aSOS HOTS KELAS VI :bKonsep, Soal dan Pembahasan HOTS untuk IPA Sekolah Dasar /cTim Penyusun Kuark aPertama aJakarta :bPT Kuark Internasional,c2019 a122 halaman :bilustrasi berwarna ;c30 cm0 aTim Penyusun Kuark aKeacakapan berpikir tingkat tinggi atau yang dikenal denan Higher Order Thinking Skill (HOTS) menjadi salah satu isu yang mengemuka dalam dunia pendidikan belakangan ini. Dalam beberapa tahun terakhir, standar evaluasi dalam penilaian UASBN bahkan sudah menyertakan soal-soal HOTS 4aIPA a00000000184 a00000000185